| 000 | 00954nam a2200169 a 4500 | ||
|---|---|---|---|
| 008 | 080109s1969 ||||||||||||||||| || u | ||
| 050 | _aQ 175 Coo | ||
| 100 | _aCooper, Brian Edward | ||
| 245 | 1 | 0 | _aStatistics for experimentalists |
| 260 |
_aOxford _bPergamon Press _c1969 |
||
| 300 | _aix, 336p. : ill. | ||
| 350 | _a0.00 | ||
| 995 |
_aANNEX COLLECTION (Main Library) _D0.00 _e716894 _FCBU-MAIN LIBRARY (Kitwe) _H3 _I3.60 _jQ 175 Coo _M1 _UAVAILABLE _y011384 _ZAnnex Low-Usage Collection |
||
| 995 |
_aANNEX COLLECTION (Main Library) _D0.00 _e714746 _FCBU-MAIN LIBRARY (Kitwe) _H4 _I3.60 _jQ 175 Coo _M2 _UAVAILABLE _y011385 _ZAnnex Low-Usage Collection |
||
| 995 |
_aANNEX COLLECTION (Main Library) _D0.00 _e714745 _FCBU-MAIN LIBRARY (Kitwe) _H1 _I3.60 _jQ 175 Coo _M3 _UAVAILABLE _y011386 _ZAnnex Low-Usage Collection |
||
| 995 |
_aANNEX COLLECTION (Main Library) _D0.00 _e714747 _FCBU-MAIN LIBRARY (Kitwe) _H2 _I3.60 _jQ 175 Coo _M4 _UAVAILABLE _y011387 _ZAnnex Low-Usage Collection |
||
| 999 |
_c76801 _d76801 |
||